[Event "Wch Seniors 65 29th"]
[Site "Bucharest"]
[Date "2019.11.23"]
[Round "11"]
[White "Shevelev, Arkady"]
[Black "Pastor Alonso de Prado, Emilio Alberto"]
[Result "1-0"]
[WhiteElo "2282"]
[BlackElo "2020"]
[PlyCount "57"]
[EventDate "2019.11.12"]
[EventType "swiss"]
[EventRounds "11"]
[EventCountry "ROU"]
[SourceTitle "CBM 193 Extra"]
[Source "ChessBase"]
[SourceDate "2020.01.31"]
[SourceVersion "1"]
[SourceVersionDate "2020.01.31"]
[SourceQuality "1"]

1. e4 e5 2. Nf3 Nc6 3. Nc3 g6 4. d4 exd4 5. Nxd4 Bg7 6. Nde2 d6 7. h3 f5 8. g3 Nf6 9. exf5 Bxf5 10. Bg2 0-0 11. 0-0 Qd7 12. g4 Be6 13. Nf4 Bc4 14. Re1 Rae8 15. Rxe8 Nxe8 16. Bd5+ Bxd5 17. Qxd5+ Qf7 18. Be3 Bd4 19. Qxf7+ Rxf7 20. Nfd5 Bxe3 21. Nxe3 Ne5 22. Kg2 c6 23. Re1 Rf4 24. Kg3 Rf3+ 25. Kg2 Rf4 26. Nf1 Kf7 27. Ne4 Nf3 28. Re3 Ke7 29. Kg3 1-0

[Event "Wch Seniors 65 29th"]
[Site "Bucharest"]
[Date "2019.11.22"]
[Round "10"]
[White "Giulian, Philip Maurice"]
[Black "Shevelev, Arkady"]
[Result "1/2-1/2"]
[WhiteElo "2137"]
[BlackElo "2282"]
[PlyCount "119"]
[EventDate "2019.11.12"]
[EventType "swiss"]
[EventRounds "11"]
[EventCountry "ROU"]
[SourceTitle "CBM 193 Extra"]
[Source "ChessBase"]
[SourceDate "2020.01.31"]
[SourceVersion "1"]
[SourceVersionDate "2020.01.31"]
[SourceQuality "1"]

1. c4 c5 2. Nf3 Nf6 3. Nc3 Nc6 4. e3 d5 5. cxd5 Nxd5 6. Bb5 Nxc3 7. bxc3 Bd7 8. Rb1 a6 9. Bxc6 Bxc6 10. Ne5 Qd5 11. Nxc6 Qxg2 12. Rf1 Qxc6 13. a4 c4 14. a5 e6 15. Rb6 Qd7 16. Qf3 Rb8 17. Rg1 f5 18. Qh5+ g6 19. Rxg6 hxg6 20. Qxh8 Kf7 21. Ba3 Rd8 22. Qh7+ Bg7 23. Rd6 Qe7 24. Rxd8 Qxd8 25. Bb4 e5 26. Qh3 Qg5 27. Qf1 Qh4 28. Kd1 Qe4 29. Kc1 Qd3 30. Qh3 Qe4 31. Qf1 Bf6 32. f3 Qd5 33. Qh3 Kg7 34. Qg3 Qd3 35. Qg2 e4 36. f4 Qd5 37. Qe2 Bd8 38. Qf1 b6 39. axb6 Bxb6 40. h4 a5 41. Ba3 Qd3 42. Qh3 Qe2 43. Qh1 Qf3 44. Qg1 Qxf4 45. Qg2 Qxh4 46. Qf1 Qd8 47. Qxc4 Qd7 48. Bc5 Bxc5 49. Qxc5 a4 50. Qe5+ Kf7 51. Qh8 Qe8 52. Qh7+ Kf6 53. Qa7 Qb5 54. Qd4+ Kg5 55. Qd6 Qf1+ 56. Kb2 Qd3 57. Qf4+ Kf6 58. Qh2 Ke6 59. Kc1 a3 60. Qh7 1/2-1/2

[Event "Wch Seniors 65 29th"]
[Site "Bucharest"]
[Date "2019.11.16"]
[Round "5"]
[White "Shevelev, Arkady"]
[Black "Furman, Boris"]
[Result "1/2-1/2"]
[WhiteElo "2282"]
[BlackElo "2093"]
[PlyCount "49"]
[EventDate "2019.11.12"]
[EventType "swiss"]
[EventRounds "11"]
[EventCountry "ROU"]
[SourceTitle "CBM 193 Extra"]
[Source "ChessBase"]
[SourceDate "2020.01.31"]
[SourceVersion "1"]
[SourceVersionDate "2020.01.31"]
[SourceQuality "1"]

1. e4 c5 2. Nf3 Nc6 3. d4 cxd4 4. Nxd4 Nf6 5. Nc3 d6 6. Be3 e5 7. Nf3 Be7 8. Bc4 0-0 9. Qe2 Na5 10. Bb3 Be6 11. Rd1 Nxb3 12. axb3 Qc7 13. Bg5 Rac8 14. 0-0 a6 15. Rd2 h6 16. Bxf6 Bxf6 17. Rc1 Qc6 18. Nd5 Bd8 19. c3 f5 20. Rcd1 fxe4 21. Qxe4 Bf5 22. Qc4 Qxc4 23. bxc4 Bg4 24. Ne3 Bxf3 25. gxf3 1/2-1/2

[Event "Wch Seniors 65 29th"]
[Site "Bucharest"]
[Date "2019.11.12"]
[Round "1"]
[White "Shevelev, Arkady"]
[Black "Green, Per"]
[Result "1-0"]
[WhiteElo "2282"]
[BlackElo "1958"]
[PlyCount "93"]
[EventDate "2019.11.12"]
[EventType "swiss"]
[EventRounds "11"]
[EventCountry "ROU"]
[SourceTitle "CBM 193 Extra"]
[Source "ChessBase"]
[SourceDate "2020.01.31"]
[SourceVersion "1"]
[SourceVersionDate "2020.01.31"]
[SourceQuality "1"]

1. e4 c5 2. Nf3 e6 3. d4 cxd4 4. Nxd4 Nc6 5. Nc3 Qc7 6. g3 a6 7. Bg2 Nf6 8. 0-0 Nxd4 9. Qxd4 Bc5 10. Bf4 d6 11. Qd2 h6 12. Rad1 e5 13. Be3 Bb4 14. Nb5 axb5 15. Qxb4 0-0 16. Rxd6 Be6 17. Rfd1 Rxa2 18. R6d2 Qc4 19. Qxc4 bxc4 20. c3 Rfa8 21. h3 Ra1 22. f4 Bxh3 23. Bxh3 Nxe4 24. Rd8+ Rxd8 25. Rxa1 Nxg3 26. fxe5 Rd3 27. Kf2 Ne4+ 28. Ke2 g6 29. e6 Ng3+ 30. Kf3 Kf8 31. Ra7 fxe6 32. Rxb7 Nf5 33. Bxf5 exf5 34. Ke2 g5 35. Rh7 f4 36. Bc5+ Kg8 37. Rxh6 Kg7 38. Rc6 f3+ 39. Kf2 g4 40. Bd4+ Kh7 41. Kg3 Rd2 42. Kxg4 f2 43. Rf6 Rxb2 44. Rxf2 Rb7 45. Kf5 Rb5+ 46. Ke6 Rh5 47. Rf7+ 1-0

[Event "Wch Seniors 65 27th"]
[Site "Acqui Terme"]
[Date "2017.11.18"]
[Round "11"]
[White "Sveshnikov, Evgeny"]
[Black "Shevelev, Arkady"]
[Result "1-0"]
[WhiteElo "2480"]
[BlackElo "2280"]
[PlyCount "79"]
[EventDate "2017.11.07"]
[EventType "swiss"]
[EventRounds "11"]
[EventCountry "ITA"]
[SourceTitle "CBM 181 Extra"]
[Source "ChessBase"]
[SourceDate "2017.12.12"]
[SourceVersion "1"]
[SourceVersionDate "2017.12.12"]
[SourceQuality "1"]

1. e4 c6 2. d4 d5 3. exd5 cxd5 4. Nf3 Nc6 5. Bf4 Nf6 6. c3 g6 7. Bd3 Bg7 8. 0-0 0-0 9. Nbd2 Bf5 10. Bxf5 gxf5 11. Ne5 e6 12. Qe2 Rc8 13. Nd3 Ne4 14. f3 Nxd2 15. Qxd2 Kh8 16. Kh1 Rg8 17. g4 fxg4 18. fxg4 Bf6 19. Qe2 Rg7 20. h3 Qe7 21. Bh2 Bg5 22. Nf4 Bxf4 23. Rxf4 f6 24. Raf1 e5 25. dxe5 fxe5 26. Rf5 Re8 27. b4 a6 28. a4 b5 29. axb5 axb5 30. Qxb5 Qd7 31. Rf8+ Rg8 32. R8f7 Qc8 33. Qxd5 Qe6 34. Qe4 Qg6 35. Qxg6 hxg6 36. Rc7 Nd8 37. Re1 e4 38. Bg1 Ne6 39. Ra7 Rg7 40. Rxe4 1-0

[Event "Wch Seniors 65 26th"]
[Site "Marianske Lazne"]
[Date "2016.11.28"]
[Round "9"]
[White "Zilbert, Oleg"]
[Black "Shevelev, Arkady"]
[Result "1/2-1/2"]
[WhiteElo "2208"]
[BlackElo "2283"]
[PlyCount "73"]
[EventDate "2016.11.19"]
[EventType "swiss"]
[EventRounds "11"]
[EventCountry "CZE"]
[SourceTitle "CBM 175 Extra"]
[Source "ChessBase"]
[SourceDate "2016.12.12"]
[SourceVersion "1"]
[SourceVersionDate "2016.12.12"]
[SourceQuality "1"]

1. e4 c6 2. d3 d5 3. Nd2 Qc7 4. Ngf3 Bg4 5. h3 Bh5 6. b3 e5 7. Bb2 Nd7 8. Be2 Ngf6 9. Nh4 Bg6 10. Bf3 dxe4 11. dxe4 Bc5 12. 0-0 0-0 13. a4 a5 14. Qe2 Rfe8 15. Nxg6 hxg6 16. g3 Bd4 17. c3 Bc5 18. Kg2 Nf8 19. h4 Ne6 20. Rh1 Rad8 21. Rad1 Qb6 22. Bc1 Bf8 23. h5 g5 24. Bg4 Nc5 25. Bf5 Nd3 26. Nc4 Nxc1 27. Rxc1 Qxb3 28. Nxa5 Qxa4 29. Nxb7 Rb8 30. Ra1 Qb3 31. Na5 Qxc3 32. Rhc1 Qb2 33. Qe3 Bb4 34. Rcb1 Qd2 35. Nxc6 Qxe3 36. fxe3 Bc3 37. Rxb8 1/2-1/2

[Event "EU-ch 16th"]
[Site "Jerusalem"]
[Date "2015.02.26"]
[Round "3"]
[White "Shevelev, Arkady"]
[Black "Babula, Vlastimil"]
[Result "1/2-1/2"]
[WhiteElo "2285"]
[BlackElo "2545"]
[PlyCount "52"]
[EventDate "2015.02.24"]
[EventType "swiss"]
[EventRounds "11"]
[EventCountry "ISR"]
[SourceTitle "CBM 166"]
[Source "ChessBase"]
[SourceDate "2015.05.11"]
[SourceVersion "1"]
[SourceVersionDate "2015.05.11"]
[SourceQuality "1"]

1. e4 c5 2. Nf3 Nc6 3. d4 cxd4 4. Nxd4 Qb6 5. Nb5 a6 6. Be3 Qa5+ 7. N5c3 e6 8. Nd2 Qc7 9. Na4 b5 10. Nb6 Rb8 11. Nxc8 Qxc8 12. a4 Nf6 13. axb5 axb5 14. Be2 Be7 15. 0-0 0-0 16. f4 Rd8 17. c3 d5 18. e5 Nd7 19. Nb3 b4 20. Nd4 Nc5 21. Kh1 bxc3 22. bxc3 Qc7 23. Nb5 Qd7 24. Nd4 Ne4 25. Qe1 Nxd4 26. Bxd4 Rdc8 1/2-1/2

[Event "EU-ch 16th"]
[Site "Jerusalem"]
[Date "2015.02.25"]
[Round "2"]
[White "Shohat, Yotam"]
[Black "Shevelev, Arkady"]
[Result "0-1"]
[WhiteElo "1903"]
[BlackElo "2285"]
[PlyCount "98"]
[EventDate "2015.02.24"]
[EventType "swiss"]
[EventRounds "11"]
[EventCountry "ISR"]
[SourceTitle "CBM 166"]
[Source "ChessBase"]
[SourceDate "2015.05.11"]
[SourceVersion "1"]
[SourceVersionDate "2015.05.11"]
[SourceQuality "1"]

1. e4 c6 2. d4 d5 3. Nc3 g6 4. Nf3 Bg7 5. h3 Nf6 6. e5 Ne4 7. Nxe4 dxe4 8. Ng5 c5 9. e6 Bxe6 10. Nxe6 fxe6 11. dxc5 Qxd1+ 12. Kxd1 0-0 13. Be3 Bxb2 14. Rb1 Rd8+ 15. Ke2 Bf6 16. Rxb7 Nc6 17. g4 Nd4+ 18. Bxd4 Rxd4 19. c6 Rc8 20. c7 Rc4 21. Rxa7 Bd4 22. Rb7 Rxc2+ 23. Kd1 R8xc7 24. Rxc7 Rxc7 25. Bg2 Ra7 26. Bxe4 Rxa2 27. Rf1 Bxf2 28. Bb1 Rb2 29. Kc1 Bd4 30. Rf4 e5 31. Rf3 Kg7 32. Bd3 Rb4 33. Kd2 Bc5 34. Rf1 e4 35. Bc2 e3+ 36. Ke2 Rb2 37. Kd3 Bb4 38. Bd1 Rh2 39. Kxe3 Rxh3+ 40. Ke4 Kh6 41. Kf4 Bd6+ 42. Ke4 Kg5 43. Rf7 Rh1 44. Bf3 Re1+ 45. Kd5 Rf1 46. Ke4 h6 47. Rf8 Re1+ 48. Kd3 Bf4 49. Be4 e5 0-1

[Event "Wch Seniors 50 24th"]
[Site "Katerini"]
[Date "2014.11.03"]
[Round "10"]
[White "Shevelev, Arkady"]
[Black "Gamback, Bjorn"]
[Result "1/2-1/2"]
[WhiteElo "2295"]
[BlackElo "2109"]
[PlyCount "42"]
[EventDate "2014.10.24"]
[EventType "swiss"]
[EventRounds "11"]
[EventCountry "GRE"]
[SourceTitle "EXT 2015"]
[Source "ChessBase"]
[SourceDate "2014.11.20"]
[SourceVersion "1"]
[SourceVersionDate "2014.11.20"]
[SourceQuality "1"]

1. e4 c5 2. Nf3 d6 3. d4 cxd4 4. Nxd4 Nf6 5. Nc3 g6 6. g3 Nc6 7. Bg2 Nxd4 8. Qxd4 Bg7 9. 0-0 0-0 10. Qd3 Rb8 11. Re1 b6 12. h3 Bb7 13. Nd5 Nd7 14. c3 h6 15. Be3 Re8 16. Rad1 a6 17. Qc2 b5 18. Re2 a5 19. a4 Bc6 20. axb5 Bxb5 21. Ree1 Bc4 1/2-1/2

[Event "Wch Seniors 50 24th"]
[Site "Katerini"]
[Date "2014.10.26"]
[Round "3"]
[White "Shevelev, Arkady"]
[Black "Sturua, Zurab"]
[Result "0-1"]
[WhiteElo "2295"]
[BlackElo "2523"]
[PlyCount "73"]
[EventDate "2014.10.24"]
[EventType "swiss"]
[EventRounds "11"]
[EventCountry "GRE"]
[SourceTitle "EXT 2015"]
[Source "ChessBase"]
[SourceDate "2014.11.20"]
[SourceVersion "1"]
[SourceVersionDate "2014.11.20"]
[SourceQuality "1"]

1. e4 e5 2. Nf3 Nc6 3. Nc3 g6 4. d4 exd4 5. Nxd4 Bg7 6. Be3 Nf6 7. g3 0-0 8. Bg2 d5 9. exd5 Bg4 10. dxc6 Bxd1 11. cxb7 Rb8 12. Rxd1 Ng4 13. 0-0 Nxe3 14. fxe3 Qe8 15. Rfe1 Kh8 16. Ncb5 a6 17. Nxc7 Qe7 18. Nxa6 Rxb7 19. Bxb7 Qxb7 20. Nc5 Qxb2 21. Ncb3 Qxa2 22. Ra1 Qb2 23. Ra7 Qc3 24. Kf2 Bh6 25. Re7 Kg8 26. Re5 Rc8 27. Re2 Bg7 28. Re7 h5 29. Re4 Bh6 30. Re5 Bf8 31. Re4 Qc4 32. Re5 Qc7 33. Re4 Qb7 34. Re5 Bd6 35. Rb5 Qd7 36. e4 Bc5 37. Rd2 0-1

[Event "Wch Seniors 23rd"]
[Site "Opatija"]
[Date "2013.11.23"]
[Round "11"]
[White "Furman, Boris"]
[Black "Shevelev, Arkady"]
[Result "1/2-1/2"]
[WhiteElo "2194"]
[BlackElo "2302"]
[PlyCount "67"]
[EventDate "2013.11.12"]
[EventType "swiss"]
[EventRounds "11"]
[EventCountry "CRO"]
[SourceTitle "CBM 157 Extra"]
[Source "ChessBase"]
[SourceDate "2013.12.19"]
[SourceVersion "1"]
[SourceVersionDate "2013.12.19"]
[SourceQuality "1"]

1. d4 Nf6 2. c4 c5 3. d5 b5 4. cxb5 a6 5. bxa6 Bxa6 6. Nc3 d6 7. e4 Qa5 8. Bd3 g6 9. Nf3 Bg7 10. 0-0 0-0 11. Bxa6 Qxa6 12. e5 Ng4 13. e6 f5 14. Bg5 Ra7 15. Qd2 Qa5 16. h3 Nf6 17. Bh6 Na6 18. Bxg7 Kxg7 19. Ng5 Nc7 20. Rfd1 Rb8 21. Nf7 Ng8 22. b3 Nb5 23. Nxb5 Qxd2 24. Rxd2 Rxb5 25. Rc1 Rb8 26. f3 Nf6 27. g4 fxg4 28. fxg4 Rba8 29. Rcc2 Ne4 30. Re2 Nf6 31. Rcd2 h6 32. g5 hxg5 33. Nxg5 Rh8 34. Ne4 1/2-1/2

[Event "Wch Seniors 23rd"]
[Site "Opatija"]
[Date "2013.11.18"]
[Round "6"]
[White "Shevelev, Arkady"]
[Black "Norman, Kenneth I"]
[Result "1-0"]
[WhiteElo "2302"]
[BlackElo "2173"]
[PlyCount "79"]
[EventDate "2013.11.12"]
[EventType "swiss"]
[EventRounds "11"]
[EventCountry "CRO"]
[SourceTitle "CBM 157 Extra"]
[Source "ChessBase"]
[SourceDate "2013.12.19"]
[SourceVersion "1"]
[SourceVersionDate "2013.12.19"]
[SourceQuality "1"]

1. e4 e5 2. Nf3 Nc6 3. Nc3 Nf6 4. d4 exd4 5. Nxd4 Bb4 6. Nxc6 bxc6 7. Bd3 d5 8. exd5 cxd5 9. 0-0 0-0 10. Bg5 c6 11. Qf3 Bd6 12. h3 h6 13. Bf4 Rb8 14. b3 Be6 15. Ne2 c5 16. c3 Re8 17. Rad1 Bxf4 18. Nxf4 Qa5 19. Rfe1 Qb6 20. Re2 Qd6 21. Bc2 Rbd8 22. Nxe6 Rxe6 23. Rxe6 Qxe6 24. b4 cxb4 25. cxb4 Qb6 26. Qd3 Re8 27. Qd2 Rb8 28. a3 Rc8 29. Bf5 Re8 30. a4 Ne4 31. Qd4 Qb7 32. b5 g6 33. Bg4 Qc7 34. Qxd5 Nc3 35. Qd7 Qe5 36. Rc1 Nxa4 37. Qxa7 Qf4 38. Ra1 Nc3 39. b6 Qd4 40. b7 1-0